Azucar : crisis y alternativa /

Bibliographic Details
Main Author: Rojas Senisse, Hugo
Format: Book
Language:Spanish
Published: Lima : [Lima?] : Instituto de Apoyo Agrario ; Federacion de Trabajadores Azucareros del Peru, [1984]
Subjects:

MARC

Tag First Indicator Second Indicator Subfields
LEADER 00000cam a2200000 a 4500
001 in00000577123
005 20151014060232.0
008 841101s1984 pe a b 00010 spa
010 |a  84234204  
035 |a (OCoLC)11657773 
035 |9 ACM7063AM 
039 0 |a 2  |b 3  |c 3  |d 3  |e 3 
040 |a DLC  |c DLC  |d TXA  |d UtOrBLW 
043 |a s-pe--- 
049 |a TXAM  |c [A08471197] 
050 0 0 |a HD9114.P52  |b R65 1984 
082 0 |a 338.1/7361/0985  |2 19 
100 1 |a Rojas Senisse, Hugo. 
245 1 0 |a Azucar :  |b crisis y alternativa /  |c Hugo Rojas Senisse. 
264 1 |a Lima :  |b Instituto de Apoyo Agrario ;  |a [Lima?] :  |b Federacion de Trabajadores Azucareros del Peru,  |c [1984] 
300 |a 131 pages :  |b illustrations ;  |c 21 cm. 
336 |a text  |b txt  |2 rdacontent 
337 |a unmediated  |b n  |2 rdamedia 
338 |a volume  |b nc  |2 rdacarrier 
504 |a Bibliography: page 90. 
650 0 |a Sugar trade  |z Peru. 
650 0 |a Agriculture, Cooperative  |z Peru. 
999 |a MARS 
999 f f |s 2c93781e-c136-399b-a80e-e2f3d2267b7c  |i 7af0bae4-a5fa-3267-a74b-697e33b3e58f  |t 0 
952 f f |p ric  |a Texas A&M University  |b Rellis Campus  |c Joint Library Facility  |d Remote Storage  |t 0  |e HD9114.P52 R65 1984  |h Library of Congress classification  |i unmediated -- volume  |m A14808471197 
998 f f |a HD9114.P52 R65 1984  |t 0  |l Remote Storage